Statistics for Villages of Eysturoy, Faroe Islands

Click here to take the quiz!

General Stats

  • This quiz has been taken 17 times
  • The average score is 22 of 37

Answer Stats

Answer% Correct
Skála
100%
Fuglafjørður
86%
Oyri
86%
Runavík
86%
Strendur
86%
Toftir
86%
Æðuvík
71%
Eiði
71%
Elduvík
71%
Funningur
71%
Gjógv
71%
Lamba
71%
Leirvík
71%
Ljósá
71%
Nes
71%
Rituvík
71%
Saltangará
71%
Selatrað
71%
Funningsfjørður
57%
Hellurnar
57%
Norðragøta
57%
Oyrarbakki
57%
Skipanes
57%
Glyvrar
43%
Innan Glyvur
43%
Morskranes
43%
Norðskála
43%
Oyndarfjørður
43%
Saltnes
43%
Skálafjørður
43%
Søldarfjørður
43%
Svínáir
43%
Syðrugøta
43%
Gøtugjógv
29%
Lambareiði
29%
Undir Gøtueiði
29%
Kolbanargjógv
14%

Score Distribution

Percentile by Number Answered

Percent of People with Each Score

Your Score History

You have not taken this quiz